[Event "4' ELPI Chess"]
[Site "?"]
[Date "2025.01.26"]
[Round "5"]
[White "Zincani, Riccardo"]
[Black "Medorini, Massimiliano"]
[Result "1-0"]
[WhiteElo "1957"]
[BlackElo "1901"]
[PlyCount "49"]
[EventDate "2025.??.??"]
[SourceVersionDate "2025.01.28"]

1. e4 e5 2. Nf3 Nc6 3. d4 exd4 4. Nxd4 Qh4 5. Nc3 Bb4 6. Be2 Bxc3+ 7. bxc3 Qxe4 8. Nb5 Kd8 9. O-O Nge7 10. Re1 a6 11. Nd4 Qh4 12. Bf3 Nxd4 13. cxd4 d5 14. Ba3 Be6 15. Bxe7+ Qxe7 16. Bxd5 c6 17. Bxe6 fxe6 18. Qg4 Kd7 19. c4 h5 20. Qh3 g5 21. d5 g4 22. Qb3 Kc7 23. Rxe6 Qg7 24. d6+ Kb8 25. Rae1 1-0